| 000 | 00651nam 22001813 4500 | ||
|---|---|---|---|
| 001 | 199678 | ||
| 090 | _a199678 | ||
| 100 | _a20251222d u||y0pory50 ba | ||
| 200 |
_aVozes da sabedoria _fcoordenação de Maria de Sousa Carrusca |
||
| 210 |
_a[S.l.] _cedição da coordenadora _d1974-1976 |
||
| 215 |
_a3 vols. _cbrochado _d21 cm |
||
| 327 | _aVol. 1: XVI, 354, [2] p. Vol. 2.: 359, [2] p. Vol. 3: 320 p. | ||
| 606 |
_92051 _aAntropologia Cultural. Etnologia. Etnografia. Usos e Costumes. Tradições. Modo de vida. Folclore |
||
| 675 |
_a39 _vPT _zpor |
||
| 701 |
_94645 _aCarrusca _bMaria de Sousa |
||
| 801 |
_aPT _bBMMN _gRPC |
||
| 830 | _cVanda | ||
| 990 | _cLIVROS | ||